[Event "XIII Festival A"]
[Site "Porto San Giorgio ITA"]
[Date "2001.08.26"]
[Round "6"]
[White "Coratella, Giuseppe"]
[Black "Iordachescu, Viorel"]
[Result "0-1"]
[WhiteElo "2163"]
[BlackElo "2562"]
[PlyCount "130"]
[EventDate "2001.08.21"]

1.e4 g6 2.d4 Bg7 3.Nc3 c6 4.Nf3 d5 5.h3 Nf6 6.e5 Ne4 7.Bd3 Nxc3 8.bxc3 c5 
9.O-O Nc6 10.Re1 Qa5 11.Bd2 c4 12.Bf1 O-O 13.g3 f6 14.exf6 exf6 15.Bg2 Bd7
16.Rb1 Nd8 17.Rb2 Bc6 18.Nh2 Nf7 19.Ng4 Rae8 20.Qb1 Rxe1+ 21.Bxe1 Nd6 22.
Ne3 f5 23.Qd1 Ne4 24.Bxe4 fxe4 25.Bd2 Qa3 26.Qc1 h5 27.Rb1 Qe7 28.Ng2 Qf7 
29.Qe1 b6 30.h4 Bd7 31.Bf4 Bg4 32.Qe3 Qd7 33.Qd2 Rf7 34.Kh2 Bf8 35.Be5 Kh7
36.Bf4 Be7 37.Rb2 Qa4 38.Kg1 Bd8 39.Be5 a6 40.Nf4 Qd7 41.Kh2 Rf5 42.Ng2 g5
43.hxg5 Bxg5 44.Bf4 Bd8 45.Rb1 h4 46.Rh1 Rh5 47.Kg1 Bf3 48.gxh4 Qg4 49.Bg3
Bg5 50.Qxg5 Rxg5 51.hxg5+ Kg8 52.Ne3 Qxg5 53.Rh4 Qe7 54.Nf5 Qg5 55.Ne3 Qe7
56.Nf5 Qa3 57.Be5 Qc1+ 58.Kh2 Qg5 59.Rh8+ Kf7 60.Rh7+ Ke6 61.Ng3 Qd2 62.
Rb7 Qh6+ 63.Kg1 Qh3 64.Rxb6+ Kd7 65.Rb7+ Kc6 0-1

[Event "XIII Festival A"]
[Site "Porto San Giorgio ITA"]
[Date "2001.08.26"]
[Round "6"]
[White "Corti, Corrado"]
[Black "Gosio, Denis"]
[Result "1-0"]
[WhiteElo "2034"]
[BlackElo "2151"]
[PlyCount "79"]
[EventDate "2001.08.21"]

1.d4 Nf6 2.Bf4 d5 3.e3 e6 4.Nf3 Be7 5.Bd3 b6 6.Nbd2 Bb7 7.Rc1 O-O 8.c3 c5 
9.Ne5 Nc6 10.Ndf3 Nxe5 11.Nxe5 a6 12.O-O b5 13.Qf3 Nd7 14.Qh3 f5 15.g4 
Nxe5 16.Bxe5 g6 17.f4 Rc8 18.Rf2 Bf6 19.Rcf1 Qd7 20.Rg2 Bg7 21.gxf5 exf5 
22.Kh1 Rc6 23.Rfg1 b4 24.Rg5 Bc8 25.Qg3 bxc3 26.bxc3 cxd4 27.cxd4 Qe6 28.
Qf2 Rc3 29.Bc2 Bd7 30.Bb3 Bb5 31.R5g3 Bd3 32.h4 Be4+ 33.Kh2 Rfc8 34.Rd1 
Qe7 35.Kh3 Qb4 36.Rd2 Rc1 37.Rd1 R1c3 38.Qd2 a5 39.Qb2 Rc2 40.Qb1 1-0

[Event "XIII Festival A"]
[Site "Porto San Giorgio ITA"]
[Date "2001.08.26"]
[Round "6"]
[White "D'Innocente, Stefano"]
[Black "Sibilio, Mario"]
[Result "1/2-1/2"]
[WhiteElo "2123"]
[BlackElo "2370"]
[PlyCount "33"]
[EventDate "2001.08.21"]

1.d4 g6 2.c4 Bg7 3.Nc3 d6 4.e4 Nc6 5.d5 Nd4 6.Nge2 c5 7.Nxd4 Bxd4 8.Bd3 
Bg7 9.O-O Nf6 10.f3 O-O 11.Be3 e6 12.Qd2 exd5 13.exd5 Re8 14.Rfe1 Bd7 15.
Re2 Re7 16.Rae1 Qf8 17.Bg5 1/2-1/2

[Event "XIII Festival A"]
[Site "Porto San Giorgio ITA"]
[Date "2001.08.26"]
[Round "6"]
[White "De Poi, Paolo"]
[Black "Saccona, Silvano"]
[Result "1-0"]
[WhiteElo "2215"]
[BlackElo "2114"]
[PlyCount "95"]
[EventDate "2001.08.21"]

1.e4 c6 2.d4 d5 3.Nc3 dxe4 4.Nxe4 Nf6 5.Nxf6+ exf6 6.c3 Bd6 7.Nf3 O-O 8.
Be2 Bg4 9.O-O Nd7 10.Be3 Re8 11.h3 Bh5 12.Nd2 Bxe2 13.Qxe2 Rc8 14.Qf3 Nf8 
15.Rfe1 Ng6 16.b4 Bb8 17.Nf1 Qd7 18.Bd2 h6 19.a4 f5 20.Rxe8+ Rxe8 21.Re1 
Rd8 22.Bc1 Kh7 23.Bb2 Nh4 24.Qh5 g5 25.c4 Ng6 26.Qf3 Rg8 27.d5 cxd5 28.
cxd5 Nf4 29.Ne3 Re8 30.Rd1 Qxa4 31.d6 Qb5 32.d7 Rd8 33.Nd5 Kg6 34.Ne7+ Kh7
35.Qb3 Ne6 36.Qc3 Qa4 37.Rd2 Qa2 38.g3 Qb1+ 39.Kh2 f4 40.Qf6 fxg3+ 41.fxg3
Bxg3+ 42.Kxg3 Qg1+ 43.Rg2 Qe3+ 44.Kh2 Qf4+ 45.Qxf4 Nxf4 46.Rd2 Ne6 47.Bf6 
Nf8 48.Ng6 1-0

[Event "XIII Festival A"]
[Site "Porto San Giorgio ITA"]
[Date "2001.08.26"]
[Round "6"]
[White "Efimov, Igor"]
[Black "Tomescu, Vlad"]
[Result "0-1"]
[WhiteElo "2474"]
[BlackElo "2417"]
[PlyCount "90"]
[EventDate "2001.08.21"]

1.d4 d5 2.c4 Bf5 3.Nc3 e6 4.Bf4 c6 5.e3 Nd7 6.cxd5 exd5 7.Nge2 Bg6 8.Ng3 
Qb6 9.Qd2 Ngf6 10.Be2 Be7 11.O-O O-O 12.a3 a5 13.h4 h6 14.h5 Bh7 15.Bd3 
Bxd3 16.Qxd3 Rfe8 17.Rab1 a4 18.Qd1 Qa6 19.Nf5 Bf8 20.f3 Nxh5 21.Kf2 Nxf4 
22.exf4 g6 23.Ne3 Bg7 24.Qd2 Nb6 25.Rbd1 Nc4 26.Nxc4 Qxc4 27.Qd3 b5 28.
Qxc4 dxc4 29.Rd2 Rad8 30.Rfd1 Rd7 31.d5 Red8 32.d6 f5 33.Na2 Bf8 34.Nb4 
Rxd6 35.Rxd6 Rxd6 36.Rxd6 Bxd6 37.Nxc6 Bxf4 38.Ke2 Bc1 39.Nd4 b4 40.axb4 
Bxb2 41.Nc2 a3 42.b5 a2 43.Ke3 a1=Q 44.Nxa1 Bxa1 45.f4 Bc3 0-1

[Event "XIII Festival A"]
[Site "Porto San Giorgio ITA"]
[Date "2001.08.26"]
[Round "6"]
[White "Glek, Igor V."]
[Black "Inkiov, Ventzislav V."]
[Result "1-0"]
[WhiteElo "2574"]
[BlackElo "2470"]
[PlyCount "75"]
[EventDate "2001.08.21"]

1.e4 e5 2.Nf3 Nc6 3.Nc3 Nf6 4.g3 Bc5 5.Bg2 d6 6.d3 a6 7.O-O O-O 8.h3 h6 9.
Nh4 Be6 10.Be3 Bxe3 11.fxe3 Ne7 12.Kh2 c6 13.d4 Ng6 14.Nf5 d5 15.exd5 cxd5
16.dxe5 Nxe5 17.Qd4 Bxf5 18.Rxf5 Nc6 19.Qf4 Ne7 20.Rxf6 gxf6 21.Qxh6 Rc8 
22.Nxd5 Nxd5 23.Be4 f5 24.Bxf5 Nf6 25.Rd1 Rc6 26.Qg5+ Kh8 27.Rxd8 Rxd8 28.
Bd3 Rd5 29.Qf4 Kg7 30.e4 Rd4 31.Qe5 Rd7 32.Qf5 Rdc7 33.e5 Nd7 34.Qg5+ Kf8 
35.Qd8+ Kg7 36.e6 Nf6 37.e7 Rc8 38.g4 1-0

[Event "XIII Festival A"]
[Site "Porto San Giorgio ITA"]
[Date "2001.08.26"]
[Round "6"]
[White "Marzano, Carlo"]
[Black "Citti, Gianluca"]
[Result "1-0"]
[WhiteElo "2253"]
[BlackElo "2154"]
[PlyCount "97"]
[EventDate "2001.08.21"]

1.d4 Nf6 2.Nf3 c5 3.c3 d5 4.Bf4 e6 5.e3 Nc6 6.Nbd2 Bd6 7.Bg3 O-O 8.Bd3 b6 
9.Ne5 Qc7 10.f4 Ne8 11.Ndf3 f5 12.Bh4 Be7 13.Bxe7 Nxe7 14.O-O Nf6 15.Qe1 
a5 16.Qh4 Ba6 17.Bxa6 Rxa6 18.Ng5 b5 19.Rf3 g6 20.Raf1 cxd4 21.exd4 h5 22.
Rg3 Ng4 23.Ngf3 Kg7 24.h3 Rf6 25.hxg4 fxg4 26.Nxg4 Rxf4 27.Qg5 hxg4 28.
Rxg4 Rxg4 29.Qxg4 e5 30.Nxe5 Rf6 31.Rxf6 Kxf6 32.Qh4+ Kg7 33.Qf4 Nf5 34.
Nxg6 Qxf4 35.Nxf4 Ne7 36.Ne6+ Kf6 37.Nc7 b4 38.cxb4 axb4 39.Na6 Nc6 40.Kf2
b3 41.a4 Nxd4 42.Nb4 Ke5 43.a5 Nc2 44.Nd3+ Kd6 45.g4 d4 46.Kf3 Ne3 47.g5 
Nc4 48.Ke4 Nxb2 49.Nxb2 1-0

[Event "XIII Festival A"]
[Site "Porto San Giorgio ITA"]
[Date "2001.08.26"]
[Round "6"]
[White "Mola, Pietro"]
[Black "Sciortino, Massimo"]
[Result "1-0"]
[WhiteElo "2261"]
[BlackElo "2203"]
[PlyCount "107"]
[EventDate "2001.08.21"]

1.e4 g6 2.d4 Bg7 3.Nf3 d6 4.Bc4 Nf6 5.Qe2 c6 6.e5 dxe5 7.dxe5 Nd5 8.O-O 
O-O 9.h3 b5 10.Bb3 Na6 11.c4 bxc4 12.Bxc4 Nc5 13.Nc3 Nb6 14.Be3 Nxc4 15.
Qxc4 Ne6 16.Qxc6 Rb8 17.Qa4 Rxb2 18.Rfd1 Qe8 19.Qa3 Rb7 20.Nd5 Nd8 21.Rac1
Nc6 22.Bg5 Be6 23.Qc3 Bxd5 24.Rxd5 Nb4 25.Rd2 Qb8 26.a3 Na6 27.Qd3 f6 28.
Qxa6 fxg5 29.Qe6+ Kh8 30.Rdc2 Rb1 31.Kh2 Rxc1 32.Rxc1 g4 33.hxg4 Qb2 34.
Rc8 h6 35.Rxf8+ Bxf8 36.Qxg6 Bg7 37.Qe6 Qxa3 38.g5 Qc1 39.g6 Qf4+ 40.Kh3 
a5 41.Qf7 Qe4 42.Qxe7 Qb4 43.Qd8+ Qf8 44.Qxa5 Qf5+ 45.Kh2 Qxg6 46.Qd5 Qf5 
47.g3 Kh7 48.Kg2 h5 49.Qd1 Qg4 50.Qd3+ Kh6 51.Qd6+ Kh7 52.e6 Qe4 53.e7 h4 
54.Qd7 1-0

[Event "XIII Festival A"]
[Site "Porto San Giorgio ITA"]
[Date "2001.08.26"]
[Round "6"]
[White "Mrdja, Milan"]
[Black "Trent, Lawrence"]
[Result "1-0"]
[WhiteElo "2399"]
[BlackElo "2249"]
[PlyCount "59"]
[EventDate "2001.08.21"]

1.e4 c5 2.Nf3 d6 3.d4 cxd4 4.Nxd4 Nf6 5.Nc3 g6 6.Be3 Bg7 7.f3 O-O 8.Qd2 
Nc6 9.O-O-O d5 10.Nxc6 bxc6 11.exd5 cxd5 12.Nxd5 Nxd5 13.Qxd5 Qc7 14.Qc5 
Qb7 15.Qa3 Bf5 16.Bd3 Rfc8 17.Bxf5 gxf5 18.Rd3 Rab8 19.Rb3 Qc6 20.c3 Rxb3 
21.Qxb3 a5 22.Rd1 a4 23.Qd5 Qa6 24.a3 e6 25.Qd3 Qa5 26.Kb1 Bf6 27.Rd2 Rb8 
28.Bd4 Rd8 29.Qe3 Qd5 30.Qh6 1-0

[Event "XIII Festival A"]
[Site "Porto San Giorgio ITA"]
[Date "2001.08.26"]
[Round "6"]
[White "Ortega, Lexy"]
[Black "Scalcione, Michelangelo"]
[Result "1-0"]
[WhiteElo "2498"]
[BlackElo "2249"]
[PlyCount "91"]
[EventDate "2001.08.21"]

1.d4 Nf6 2.c4 g6 3.Nc3 Bg7 4.e4 O-O 5.Bd3 d6 6.Nge2 c5 7.d5 e5 8.O-O a6 9.
Rb1 Nh5 10.Be3 f5 11.exf5 gxf5 12.Ng3 Nxg3 13.fxg3 e4 14.Be2 Nd7 15.Qd2 
Ne5 16.b4 b6 17.bxc5 bxc5 18.Rb3 Ng6 19.Rf2 Be5 20.Bh5 Ra7 21.Ne2 a5 22.
Rb1 Ba6 23.Qc2 Bc8 24.Qd2 Ba6 25.Qc1 Bc8 26.Qc2 Rff7 27.Rbf1 Rab7 28.Qc1 
Rb2 29.g4 Rxa2 30.gxf5 Qh4 31.g4 Bxf5 32.Bg5 Qh3 33.Qe3 Ra3 34.Qxh3 Rxh3 
35.Rxf5 Rxf5 36.Rxf5 Rxh2 37.Rxe5 Rxe2 38.Re6 a4 39.Bxg6 hxg6 40.Rxg6+ Kh7
41.Rh6+ Kg7 42.Rxd6 a3 43.Bf6+ Kf7 44.g5 a2 45.Ra6 e3 46.Be5 1-0

[Event "XIII Festival A"]
[Site "Porto San Giorgio ITA"]
[Date "2001.08.26"]
[Round "6"]
[White "Parrella, Alfredo"]
[Black "Cristiani, Cesare"]
[Result "1-0"]
[WhiteElo "2174"]
[BlackElo "2109"]
[PlyCount "143"]
[EventDate "2001.08.21"]

1.e4 e6 2.d4 d5 3.Nd2 c5 4.exd5 Qxd5 5.Ngf3 cxd4 6.Bc4 Qd6 7.O-O Nf6 8.Nb3
Nc6 9.Nbxd4 Nxd4 10.Qxd4 Qxd4 11.Nxd4 a6 12.Be2 Bd6 13.Nb3 O-O 14.Rd1 Bc7 
15.Bf3 Rb8 16.Be3 b6 17.Nd4 Bb7 18.Nc6 Bxc6 19.Bxc6 Rfd8 20.Bf3 h6 21.
Rxd8+ Rxd8 22.Rd1 Rxd1+ 23.Bxd1 Nd5 24.Bd2 Bf4 25.Bxf4 Nxf4 26.Bf3 Kf8 27.
Kf1 Ke7 28.g3 Ng6 29.Be2 a5 30.f4 f6 31.Kf2 Kd6 32.Ke3 Ne7 33.Kd4 Nc6+ 34.
Ke3 e5 35.fxe5+ Kxe5 36.c3 g5 37.Bf3 Ne7 38.Kd3 Nc8 39.b4 axb4 40.cxb4 b5 
41.Bc6 Nd6 42.Ke3 f5 43.h3 f4+ 44.gxf4+ gxf4+ 45.Kd3 Nf5 46.Bxb5 f3 47.Bd7
Nd4 48.Ke3 Nc2+ 49.Kxf3 Nxb4 50.a4 Na6 51.Be8 Nc5 52.a5 Na6 53.Kg4 Kf6 54.
Kh5 Kg7 55.Bb5 Nc5 56.Bc4 Kh7 57.Bf7 Kg7 58.Bg6 Na6 59.Bf5 Nc5 60.Bc8 Kh7 
61.Kg4 Kg6 62.h4 Kf6 63.Kf4 Nd3+ 64.Ke4 Nb4 65.Bg4 Kf7 66.Kf5 Kg7 67.h5 
Kf7 68.Bh3 Na6 69.Bf1 Nb4 70.Bc4+ Kg7 71.Ke6 Kf8 72.Kd6 1-0

[Event "XIII Festival A"]
[Site "Porto San Giorgio ITA"]
[Date "2001.08.26"]
[Round "6"]
[White "Popchev, Milko"]
[Black "Bagaturov, Giorgi"]
[Result "1/2-1/2"]
[WhiteElo "2447"]
[BlackElo "2489"]
[PlyCount "27"]
[EventDate "2001.08.21"]

1.d4 Nf6 2.Nf3 e6 3.e3 b6 4.Bd3 Bb7 5.O-O c5 6.b3 Be7 7.Bb2 O-O 8.Nbd2 d6 
9.c4 Nbd7 10.Qe2 Qc7 11.Rac1 Rac8 12.Bb1 Qb8 13.e4 cxd4 14.Nxd4 1/2-1/2

[Event "XIII Festival A"]
[Site "Porto San Giorgio ITA"]
[Date "2001.08.26"]
[Round "6"]
[White "Rago, Riccardo"]
[Black "Sbraccia, Giovanni"]
[Result "0-1"]
[WhiteElo "2220"]
[BlackElo "2121"]
[PlyCount "102"]
[EventDate "2001.08.21"]

1.e4 c6 2.d4 d5 3.Nc3 dxe4 4.Nxe4 Bf5 5.Ng3 Bg6 6.h4 h6 7.Nf3 Nd7 8.h5 Bh7
9.Bd3 Bxd3 10.Qxd3 Qc7 11.Bd2 e6 12.O-O-O Ngf6 13.Ne4 O-O-O 14.Kb1 c5 15.
c3 c4 16.Qe2 Nxe4 17.Qxe4 Nf6 18.Qe2 Kb8 19.Ne5 Rc8 20.g4 Bd6 21.f4 Ka8 
22.g5 Nd5 23.gxh6 gxh6 24.Rhg1 f6 25.Ng6 Rhe8 26.Qf3 Qa5 27.Bc1 Rc6 28.
Rde1 Rb6 29.Ka1 Ra6 30.a3 Rb6 31.Rg3 Qb5 32.Qe4 Qb3 33.Qxd5 exd5 34.Rxe8+ 
Bb8 35.Rg2 a5 36.Ne7 Qd1 37.Kb1 Re6 38.Rgg8 Re1 39.Rxb8+ Ka7 40.Ra8+ Kb6 
41.Nxd5+ Kc6 42.Rac8+ Kxd5 43.Rgd8+ Ke4 44.Re8+ Kd3 45.Rxe1 Qxe1 46.d5 Qd1
47.d6 Qc2+ 48.Ka2 Qxc1 49.Rg8 Qf1 50.d7 Kc2 51.Rg2+ Qxg2 0-1

[Event "XIII Festival A"]
[Site "Porto San Giorgio ITA"]
[Date "2001.08.26"]
[Round "6"]
[White "Razuvaev, Yuri S."]
[Black "Voltolini, Giuseppe"]
[Result "1/2-1/2"]
[WhiteElo "2549"]
[BlackElo "2266"]
[PlyCount "114"]
[EventDate "2001.08.21"]

1.d4 Nf6 2.c4 c5 3.d5 b5 4.cxb5 a6 5.bxa6 Bxa6 6.Nc3 g6 7.e4 Bxf1 8.Kxf1 
d6 9.g3 Bg7 10.Kg2 O-O 11.Nge2 Nbd7 12.Qc2 Qa5 13.Rd1 Rfb8 14.Rb1 Ne8 15.
b3 Nc7 16.h4 h5 17.Bg5 Re8 18.f3 Ne5 19.a4 Rab8 20.Na2 Rb7 21.Bd2 Qa6 22.
Bc3 Reb8 23.Nf4 Kh7 24.Bxe5 Bxe5 25.Nd3 Bg7 26.b4 c4 27.Nf2 Ra8 28.Nc3 
Bxc3 29.Qxc3 Qxa4 30.Qxc4 Qa2 31.Rdc1 Qxc4 32.Rxc4 Ra2 33.Kf1 Nb5 34.Rb3 
Rba7 35.Rc1 Rd2 36.Rd3 Rb2 37.Kg1 Raa2 38.Rf1 Kg7 39.g4 hxg4 40.fxg4 Rxb4 
41.g5 Nd4 42.Kg2 e5 43.dxe6 Nxe6 44.Kg3 Nc5 45.Re3 Kf8 46.Kf3 Nd7 47.Ng4 
Rd2 48.Ra1 Rbb2 49.Ra7 Ne5+ 50.Nxe5 Rf2+ 51.Kg4 dxe5 52.Ra5 Rg2+ 53.Rg3 
Rge2 54.Rxe5 Rb4 55.Kf4 Rh2 56.Rg4 Rb3 57.Ra5 Rbh3 1/2-1/2

[Event "XIII Festival A"]
[Site "Porto San Giorgio ITA"]
[Date "2001.08.26"]
[Round "6"]
[White "Rotstein, Arkadij"]
[Black "Naumkin, Igor"]
[Result "0-1"]
[WhiteElo "2499"]
[BlackElo "2411"]
[PlyCount "144"]
[EventDate "2001.08.21"]

1.c4 e5 2.b3 Nf6 3.Bb2 Nc6 4.a3 d5 5.cxd5 Nxd5 6.e3 Bd6 7.Qc2 O-O 8.Nf3 
Kh8 9.Bc4 Nb6 10.Be2 f5 11.d3 Qf6 12.Nbd2 Bd7 13.O-O Rae8 14.Nc4 Nxc4 15.
dxc4 Qe7 16.b4 e4 17.c5 Be5 18.Nxe5 Nxe5 19.Rad1 Bc8 20.Rd2 Qg5 21.Bxe5 
Rxe5 22.Qc3 Ree8 23.Rfd1 h5 24.Bb5 c6 25.Bf1 a6 26.a4 h4 27.b5 axb5 28.
axb5 Be6 29.Rd6 Bd5 30.g3 Kh7 31.Rd2 Re7 32.b6 Ra8 33.R2xd5 cxd5 34.c6 
bxc6 35.Qxc6 Ra1 36.Qxd5 hxg3 37.hxg3 Qh5 38.Rd8 Qf7 39.Qb5 Rb7 40.Kg2 Qe6
41.Re8 Qf6 42.Rc8 Rxb6 43.Qe8 Qh6 44.Qg8+ Kg6 45.Qe8+ Kg5 46.Qe5 Qf6 47.
Qf4+ Kg6 48.Rh8 Rbb1 49.Rh1 Rb2 50.Rh2 Rd1 51.g4 Qg5 52.Qxf5+ Qxf5 53.
gxf5+ Kxf5 54.Ba6 Rbb1 55.Kg3 Rg1+ 56.Rg2 Rh1 57.Bc8+ Ke5 58.Bg4 Rb6 59.
Rh2 Rxh2 60.Kxh2 Kd5 61.Kg3 Rf6 62.Bc8 Kc4 63.Bb7 Kd3 64.Bd5 Rf3+ 65.Kg2 
Ke2 66.Bxe4 Rxf2+ 67.Kg3 Kxe3 68.Bc6 Rf6 69.Be8 Rf1 70.Kg4 Ke4 71.Bb5 Rg1+
72.Kh3 Kf4 0-1

[Event "XIII Festival A"]
[Site "Porto San Giorgio ITA"]
[Date "2001.08.26"]
[Round "6"]
[White "Scharrer, Patrick"]
[Black "Isonzo, David"]
[Result "0-1"]
[WhiteElo "2054"]
[BlackElo "2315"]
[PlyCount "70"]
[EventDate "2001.08.21"]

1.e4 c5 2.Nf3 d6 3.d4 cxd4 4.Nxd4 Nf6 5.Nc3 a6 6.f3 e5 7.Nb3 Be6 8.Be3 
Nbd7 9.Qd2 b5 10.O-O-O Rc8 11.g4 Nb6 12.g5 Nfd7 13.Kb1 Be7 14.h4 O-O 15.h5
b4 16.Nd5 Nxd5 17.exd5 Bf5 18.Bd3 Bxd3 19.cxd3 a5 20.g6 a4 21.h6 fxg6 22.
hxg7 Rf5 23.Nc1 Nf6 24.d4 Qa5 25.dxe5 Rxe5 26.Nd3 Rxd5 27.Qxb4 Qxb4 28.
Nxb4 Rb5 29.Nc2 Kxg7 30.Nd4 Rb7 31.Bf4 Kf7 32.Rhe1 Nd5 33.Ne2 Bf6 34.Bc1 
Ne3 35.Rxd6 Nc4 0-1

[Event "XIII Festival A"]
[Site "Porto San Giorgio ITA"]
[Date "2001.08.26"]
[Round "6"]
[White "Schweiger, Georg"]
[Black "Vianello, Enrico"]
[Result "1-0"]
[WhiteElo "2179"]
[BlackElo "1960"]
[PlyCount "87"]
[EventDate "2001.08.21"]

1.e4 c5 2.Nf3 Nc6 3.Bb5 d6 4.O-O Bd7 5.c3 Nf6 6.Re1 a6 7.Bf1 Bg4 8.h3 Bh5 
9.d3 e5 10.Nbd2 Be7 11.Nc4 O-O 12.Ne3 Re8 13.Nd5 Nxd5 14.exd5 Nb8 15.g4 
Bg6 16.Qb3 Qc7 17.Nh2 Nd7 18.f4 Bh4 19.Rd1 exf4 20.Bxf4 Bf6 21.Nf3 Ne5 22.
Bxe5 Bxe5 23.Re1 Bg3 24.Rxe8+ Rxe8 25.Kg2 Bf4 26.Qa4 f5 27.Qxf4 fxg4 28.
hxg4 Rf8 29.Qg3 Qb6 30.b3 c4 31.dxc4 Be4 32.Be2 Qe3 33.Qf2 Qf4 34.Rf1 
Qxg4+ 35.Qg3 Qh5 36.Qh3 Qg5+ 37.Kf2 Qf4 38.Rg1 Bxf3 39.Bxf3 Qd2+ 40.Kg3 
Qf4+ 41.Kg2 Rf6 42.Re1 Qd2+ 43.Re2 Rg6+ 44.Kf2 1-0

[Event "XIII Festival A"]
[Site "Porto San Giorgio ITA"]
[Date "2001.08.26"]
[Round "6"]
[White "Suppa, Ercole"]
[Black "Martorelli, Antonio"]
[Result "0-1"]
[WhiteElo "2126"]
[BlackElo "2304"]
[PlyCount "80"]
[EventDate "2001.08.21"]

1.d4 Nf6 2.Nf3 d6 3.Nc3 Bf5 4.e3 Nbd7 5.Bd3 Bg6 6.e4 e5 7.Bg5 c6 8.O-O Be7
9.dxe5 dxe5 10.Re1 O-O 11.Nh4 b5 12.Qe2 Bh5 13.f3 Ng4 14.fxg4 Bxg5 15.Nf5 
Bg6 16.Rf1 Nc5 17.Rad1 Qb6 18.Kh1 Ne6 19.Qf2 h5 20.Qg3 Rfe8 21.gxh5 Bxh5 
22.Be2 Bg6 23.Rd6 Bf4 24.Qg4 Qc7 25.Rd3 b4 26.Nd1 Nc5 27.Rh3 Qd8 28.Bd3 
Qg5 29.Qe2 Rad8 30.Nf2 Bxf5 31.exf5 e4 32.Nxe4 Nxe4 33.Bxe4 Rd4 34.Rh5 
Rdxe4 35.Qf3 Re3 36.Qd1 Qe7 37.f6 Qe4 38.Qg4 Bh6 39.Qf5 Re1 40.Rxh6 Qxf5 
0-1

[Event "XIII Festival A"]
[Site "Porto San Giorgio ITA"]
[Date "2001.08.26"]
[Round "6"]
[White "Ventura, Sergio"]
[Black "Timms, Nicholas D."]
[Result "0-1"]
[WhiteElo "2192"]
[BlackElo "2102"]
[PlyCount "70"]
[EventDate "2001.08.21"]

1.f4 d5 2.b3 c5 3.e3 Nf6 4.Bb2 Bf5 5.Nf3 e6 6.Bb5+ Nc6 7.Bxc6+ bxc6 8.Ne5 
Ne4 9.O-O f6 10.g4 fxe5 11.gxf5 exf5 12.d3 Nf6 13.fxe5 Ng4 14.Qf3 Qg5 15.
Kh1 Qxe3 16.h3 h5 17.Nc3 Qd2 18.Ne2 g6 19.Bc3 Qe3 20.Rae1 Qxf3+ 21.Rxf3 d4
22.Bd2 Bh6 23.Nf4 Bxf4 24.Bxf4 Ke7 25.Rg3 Ke6 26.Rg2 Rag8 27.hxg4 hxg4+ 
28.Rh2 g5 29.Bd2 g3 30.Rxh8 Rxh8+ 31.Kg1 f4 32.Re4 f3 33.Be1 g2 34.Rg4 
Rh1+ 35.Kf2 Rf1+ 0-1

[Event "XIII Festival A"]
[Site "Porto San Giorgio ITA"]
[Date "2001.08.26"]
[Round "6"]
[White "Zaja, Ivan"]
[Black "Ristic, Nenad"]
[Result "1-0"]
[WhiteElo "2488"]
[BlackElo "2424"]
[PlyCount "99"]
[EventDate "2001.08.21"]

1.d4 Nf6 2.c4 g6 3.Nc3 d5 4.cxd5 Nxd5 5.e4 Nxc3 6.bxc3 Bg7 7.Nf3 c5 8.Rb1 
O-O 9.Be2 Nc6 10.d5 Ne5 11.Nxe5 Bxe5 12.Qd2 e6 13.f4 Bg7 14.c4 exd5 15.
cxd5 Bd4 16.Bb2 Qe7 17.Bf3 Bf5 18.Bxd4 Bxe4 19.O-O Bxf3 20.Bc3 Bxd5 21.f5 
Qe4 22.Rbe1 Qxg2+ 23.Qxg2 Bxg2 24.Kxg2 Rfe8 25.a4 b6 26.Kf3 Kf8 27.Kf4 
Rad8 28.Bf6 Rd5 29.fxg6 fxg6 30.Rxe8+ Kxe8 31.Ke4 Rd2 32.Be5 Ke7 33.Rf3 
Rd1 34.Bc3 Ke6 35.a5 Ke7 36.a6 b5 37.Be5 b4 38.Rd3 Re1+ 39.Kd5 c4 40.Bd6+ 
Kd7 41.Kxc4 Kc6 42.Bxb4 Re4+ 43.Rd4 Rxd4+ 44.Kxd4 Kb5 45.Bf8 Kxa6 46.Ke5 
Kb5 47.Kf6 Kc6 48.Kg7 Kd7 49.Kxh7 Ke8 50.Kg7 1-0

[Event "XIII Festival A"]
[Site "Porto San Giorgio ITA"]
[Date "2001.08.27"]
[Round "7"]
[White "Ager, Josef"]
[Black "Ragonese, Lucio Rosario"]
[Result "1/2-1/2"]
[WhiteElo "2248"]
[BlackElo "2069"]
[PlyCount "108"]
[EventDate "2001.08.21"]

1.c4 f5 2.b4 Nf6 3.Bb2 e6 4.a3 Be7 5.Nf3 O-O 6.e3 b6 7.Nc3 Bb7 8.d4 Ne4 9.
Qc2 d6 10.Bd3 Nxc3 11.Qxc3 d5 12.c5 c6 13.O-O Nd7 14.Qc2 Qe8 15.Be2 Rf6 
16.Ne1 Rh6 17.f4 Nf6 18.Rf3 Ne4 19.Nd3 g5 20.fxg5 Nxg5 21.Rg3 Kh8 22.Nf4 
Ne4 23.Rh3 Bg5 24.Rxh6 Bxh6 25.Rf1 Qf7 26.Bd3 Rg8 27.Qe2 Bxf4 28.exf4 Qg6 
29.Rc1 b5 30.Rc2 Qh6 31.Bc1 Kg7 32.Be3 Kf6 33.Rc1 Qh3 34.Re1 Bc8 35.Qf1 
Bd7 36.Re2 Be8 37.g3 Qg4 38.Rg2 Bh5 39.Bxe4 fxe4 40.Ra2 Qd1 41.Qxd1 Bxd1 
42.Kg2 Bf3+ 43.Kf2 Bd1 44.Ra1 Ba4 45.h3 h5 46.Rh1 Kf7 47.Rg1 Kf6 48.Bd2 
Rg7 49.Rc1 Rg8 50.Be1 Rg7 51.Ke3 Rg8 52.Bf2 Rg7 53.Rh1 Kf7 54.Rg1 Kf6 
1/2-1/2

[Event "XIII Festival A"]
[Site "Porto San Giorgio ITA"]
[Date "2001.08.27"]
[Round "7"]
[White "Bruno, Fabio"]
[Black "Parrella, Alfredo"]
[Result "0-1"]
[WhiteElo "2260"]
[BlackElo "2174"]
[PlyCount "178"]
[EventDate "2001.08.21"]

1.c4 g6 2.Nc3 Bg7 3.g3 c5 4.Bg2 Nc6 5.Nf3 d6 6.O-O e5 7.d3 Nge7 8.Ne1 Be6 
9.Nd5 O-O 10.Nc2 Bxd5 11.cxd5 Nd4 12.Na3 a6 13.e3 Ndf5 14.Bd2 Nh6 15.Nc4 
b5 16.Na5 f5 17.b4 Rc8 18.Qb3 Kh8 19.bxc5 dxc5 20.Nb7 Qd7 21.d6 Neg8 22.
Qd5 Nf7 23.Nxc5 Qxd6 24.Ne6 Rfe8 25.Nxg7 Kxg7 26.Qxd6 Nxd6 27.Bb4 Red8 28.
Rfc1 Ne7 29.Bc3 Kf6 30.f4 Nf7 31.fxe5+ Nxe5 32.Bd4 Ke6 33.Rxc8 Rxc8 34.Bb7
Rb8 35.Bxa6 Nf3+ 36.Kf2 Nxd4 37.exd4 Rb6 38.Re1+ Kd7 39.a4 Rxa6 40.axb5 
Rb6 41.Re5 Kd6 42.Rc5 Nd5 43.h4 Nc7 44.h5 Ne6 45.Rc8 Rxb5 46.Rh8 Rb7 47.
Ke3 g5 48.h6 Re7 49.Rg8 Kd5 50.Kf2 Kxd4 51.Ke2 Ke5 52.Ke3 Rd7 53.Ra8 f4+ 
54.gxf4+ gxf4+ 55.Ke2 Nd4+ 56.Kf2 Rd6 57.Ra5+ Kf6 58.Kg2 Kg6 59.Kh3 f3 60.
Kg3 Kxh6 61.Ra8 Kg7 62.Ra7+ Kg6 63.Ra8 h6 64.Rh8 Kg7 65.Ra8 Rf6 66.Kf2 h5 
67.Ra4 Rd6 68.Kg3 Kg6 69.Ra8 Rf6 70.Kf2 Rf4 71.Rg8+ Kf6 72.Ke3 Rf5 73.Rf8+
Ke5 74.Re8+ Kd5 75.Rd8+ Kc5 76.Rc8+ Nc6 77.d4+ Kd6 78.Kf2 Nxd4 79.Rd8+ Kc5
80.Ra8 Kc4 81.Ra4+ Kd3 82.Ra8 Nb3 83.Rd8+ Kc4 84.Rc8+ Nc5 85.Kf1 f2 86.Rh8
Ne4 87.Rc8+ Kd3 88.Rd8+ Ke3 89.Re8 Kf3 0-1

[Event "XIII Festival A"]
[Site "Porto San Giorgio ITA"]
[Date "2001.08.27"]
[Round "7"]
[White "Bukal, Vladimir jr"]
[Black "Mola, Pietro"]
[Result "1-0"]
[WhiteElo "2411"]
[BlackElo "2261"]
[PlyCount "77"]
[EventDate "2001.08.21"]

1.d4 Nf6 2.c4 e6 3.Nf3 b6 4.g3 Bb7 5.Bg2 c5 6.d5 exd5 7.Nh4 g6 8.Nc3 Bg7 
9.O-O O-O 10.cxd5 d6 11.h3 a6 12.a4 Nbd7 13.Bf4 Qc7 14.Rc1 Nh5 15.Bd2 Qd8 
16.b3 Re8 17.Kh2 Nhf6 18.Bf4 Qe7 19.Re1 Nh5 20.Bd2 Qd8 21.e4 Nhf6 22.f4 b5
23.axb5 axb5 24.b4 Qb6 25.Be3 Ra3 26.e5 dxe5 27.bxc5 Nxc5 28.Bxc5 Qxc5 29.
Nb1 Qb4 30.Nxa3 Qxa3 31.fxe5 Nh5 32.Qf3 Qxf3 33.Bxf3 Bxe5 34.Bxh5 gxh5 35.
d6 f6 36.Rc7 Rb8 37.d7 Ba6 38.Ra7 Rd8 39.Nf3 1-0

[Event "XIII Festival A"]
[Site "Porto San Giorgio ITA"]
[Date "2001.08.27"]
[Round "7"]
[White "Citti, Gianluca"]
[Black "Bruned, Yvain"]
[Result "0-1"]
[WhiteElo "2154"]
[BlackElo "2049"]
[PlyCount "134"]
[EventDate "2001.08.21"]

1.e4 c5 2.Nc3 e6 3.Nge2 Nc6 4.g3 d5 5.exd5 exd5 6.Bg2 Nf6 7.d4 cxd4 8.Nxd4
Bg4 9.f3 Nxd4 10.Qxd4 Bf5 11.Bg5 Be7 12.O-O-O O-O 13.Bxf6 Bxf6 14.Qxd5 Qc8
15.Ne4 Bxe4 16.Qxe4 Re8 17.Qd3 Qe6 18.Qb3 Qxb3 19.axb3 Re2 20.Bf1 Re7 21.
Bc4 g6 22.Rhe1 Rae8 23.Rxe7 Rxe7 24.c3 Kg7 25.b4 Re8 26.Kd2 Rd8+ 27.Bd3 h5
28.Ra1 a6 29.Ra5 Rd7 30.Kc2 Bd8 31.Rc5 Bb6 32.Re5 Bc7 33.Re2 Bd8 34.b5 a5 
35.Be4 b6 36.c4 Be7 37.Bd5 Bc5 38.g4 Re7 39.Be4 hxg4 40.Rg2 gxf3 41.Bxf3 
Re3 42.Be2 Rh3 43.Bg4 Rh4 44.h3 Kh6 45.Rg3 f5 46.Be2 Kg7 47.Rf3 Kf6 48.Bd3
f4 49.b3 Be3 50.Be4 Kg5 51.Kd3 Rh8 52.Bd5 Re8 53.Kc3 Re7 54.Kd3 Kh4 55.Be4
g5 56.Bf5 Bc5 57.Kd2 Re5 58.Bg4 Bb4+ 59.Kd3 Re1 60.Bc8 Bc5 61.Kd2 Ra1 62.
Bf5 Bb4+ 63.Kc2 Ra2+ 64.Kd3 Rd2+ 65.Ke4 Bc5 66.Ke5 Be3 67.Be6 Rb2 0-1

[Event "XIII Festival A"]
[Site "Porto San Giorgio ITA"]
[Date "2001.08.27"]
[Round "7"]
[White "Cristiani, Cesare"]
[Black "Corti, Corrado"]
[Result "1-0"]
[WhiteElo "2109"]
[BlackElo "2034"]
[PlyCount "79"]
[EventDate "2001.08.21"]

1.d4 d5 2.c4 e6 3.Nf3 c6 4.Qc2 Nf6 5.g3 Bd6 6.Bg2 b6 7.O-O Bb7 8.Nbd2 Nbd7
9.a3 Rc8 10.b4 c5 11.dxc5 bxc5 12.b5 O-O 13.Bb2 Rb8 14.a4 a5 15.e3 Re8 16.
Rfd1 Qc7 17.Bc3 Ne5 18.Nxe5 Bxe5 19.Bxe5 Qxe5 20.cxd5 Bxd5 21.Bxd5 Nxd5 
22.Qxc5 Rec8 23.Qd4 Qh5 24.Nc4 h6 25.Rdc1 Rd8 26.Nxa5 Nf6 27.Qh4 Qe2 28.
Qc4 Qf3 29.Qf4 Qe2 30.Nc6 e5 31.Qc4 Rd1+ 32.Kg2 Qxc4 33.Rxc4 Rxa1 34.Nxb8 
Ra2 35.Nc6 Nd5 36.Kf3 Nb6 37.Rb4 e4+ 38.Rxe4 Nxa4 39.Rxa4 Rxa4 40.b6 1-0